000 00532nam a22001931a 4500
001 7369
003 OSt
005 20260204212128.0
008 071023s1999||||ag ||||||b||||||||||spa||
020 _a9501261263
050 _a371.9 F149i
100 _aFainhole, Beatríz
245 _aLa interactividad en la educación a distancia / Beatríz Fainhlc
264 _aArgentina : Paidós Educador
300 _a172 p
500 _aIncluye bibliografía
650 _aEducación Especial 2.Educación a distanciaÌ
942 _2ddc
_cBK
999 _c7369
_d7369